00367nam a22001457a 4500003000400000005001700004008004100021020001800062040000900080082002200089100001700111245004800128260003600176300000900212OSt20210225132546.0210224b ||||| |||| 00| 0 eng d a9789351433439 coclc a332.110954bGUP/S aGupta, Varun aIBPS Clerical Solved Papers /cVarun Gupta  aHariyana:bLexis Nexis ,c2015. a464p